Wood preservation

Uloženo v:
Podrobná bibliografie
Hlavní autor: RICHARDSON, Barry A.
Médium: Kniha
Jazyk:angličtina
Vydáno: Routledge 1993
Tagy: Přidat tag
Žádné tagy, Buďte první, kdo vytvoří štítek k tomuto záznamu!

MARC

LEADER 00000nam a22000007a 4500
008 230918b |||||||| |||| 00| 0 eng d
020 |a 9780367402303 
100 |a RICHARDSON, Barry A. 
245 |a Wood preservation  |c Barry A.Richardson  |g xii, 226p;ill 
250 |b 2nd  
260 |b Routledge  |c 1993  |h London  |i 700608  |i 700609  |l TA422.R37  |m Wood- Preservation 
500 |a it includes index 
942 |a lcc  |c BK  |e Johnson  |f 18/09/23 
952 |0 0  |1 0  |2 lcc  |4 0  |6 TA0422 R37  |7 0  |9 4461  |a TL  |b HOL  |c QZ  |d 2023-09-18  |l 0  |o TA422.R37  |p 2023-0382  |r 2023-09-18 00:00:00  |t 700608  |w 2023-09-18  |y BK 
952 |0 0  |1 0  |2 lcc  |4 0  |6 TA0422 R37  |7 0  |9 4462  |a HOL  |b HOL  |c QZ  |d 2023-09-18  |l 0  |o TA422.R37  |p 2023-0383  |r 2023-09-18 00:00:00  |t 700609  |w 2023-09-18  |y BK 
999 |c 2237  |d 2237